| 000 | 00387pab a2200157 454500 | ||
|---|---|---|---|
| 008 | 180718b2001 xxu||||| |||| 00| 0 eng d | ||
| 100 | _aPoku, Nana K. | ||
| 245 | _aAfrica's AIDS crisis in context: how the poor are dying | ||
| 260 | _c2001 | ||
| 300 | _ap.191-204 | ||
| 362 | _aApr | ||
| 650 | _aAIDS - Africa | ||
| 650 | _aAIDS | ||
| 773 | _aThird World Quarterly | ||
| 909 | _a48446 | ||
| 999 |
_c48446 _d48446 |
||